000 00802nam a2200253Ia 4500
003 OSt
005 20221005091105.0
006 a|||||r|||| 00| 0
007 ta
008 221004b |||||||| |||| 00| 0 eng d
020 _a9780199219315 (hbk)
_c1100
024 _a91341
037 _b08-04352, 16/01/2009, Atlantic Publisher & Dist. Pvt Ltd.
_cTextual
040 _aCRL
_cCRL
_beng
041 _2eng
_aeng
082 _aR873, P8
100 _aMisak Cheryl Ed.
245 0 _aOxford handbook of American philosophy
260 _aNew York
_bOxford University Press U.S.A
_c2008
300 _axiii, 642p.
_ccm.
650 _aPHILOSOPHY
942 _hR873, P8
_cTEXL
_2cc
999 _c996781
_d996781